000 00736nam a22001697a 4500
999 _c63404
_d63404
003 Ge_BSU
005 20251001163029.0
008 251001s1973 ge ||||| |||| 00| 0 geo d
041 _ageo
080 _a631.115.71(479.223)(09) შ-15
100 _aშავაძე, ო.
_925917
245 _aსაბჭოთა მეურნეობების მშენებლობა აჭარაში :
_bისტ.-ეკონომ. ნარკვევი /
_cო. შავაძე;
264 _aბათუმი :
_b საბჭ. აჭარა,
_c1973.
300 _a135გვ. ;
_b 20სმ.
653 _aსაბჭოთა მეურნეობები აჭარაში
942 _2udc
_cᲬᲘᲒᲜᲘ